ბათუმის შოთა რუსთაველის სახელმწიფო უნივერსიტეტის ბიბლიოთეკა

გაეროს, ევროსაბჭოს, ეუთოს, ვენეციის კომისიისა და ოსლოს კოალიციის დოკუმენტების შესახებ : (ბიბ.ჩანაწერი № 52643)

000 -ლიდერი
ფიქსირებული სიგრძის საკონტროლო ველი 01636nam a2200253Ia 4500
001 - საკონტროლო ნომერი
საკონტროლო ველი 19667
003 - საკონტროლო ნომრის იდენტიფიკატორი
საკონტროლო ველი GE_BSU
005 - ბოლო ოპერაციის თარიღი და დრო
საკონტროლო ველი 20200316223525.0
008 - ფიქსირებული სიგრძის მონაცემთა ელემენტები - ზოგადი ინფორმაცია
ფიქსირებული სიგრძის საკონტროლო ველი 181216s2017||||ge |||||||||||||| ||geo||
040 ## - კატალოგიზაციის წყარო
Transcribing agency GE_BSU
041 ## - ენის კოდი
Language code of text/sound track or separate title geo
080 ## - უნივერსალური ათობითი კლასიფიკაციის ინდექსი
Universal Decimal Classification number 27+341 რ-90
245 ## - ცნობა სათაურის შესახებ
Title გაეროს, ევროსაბჭოს, ეუთოს, ვენეციის კომისიისა და ოსლოს კოალიციის დოკუმენტების შესახებ :
Remainder of title რელიგიისა და რწმენის თავისუფლების შესახებ წ. 3 /
Statement of responsibility, etc რედ. ზაზა ვაშაყმაძე ; მთარგმნელი : ტარიელ დავითაშვილი, აჩილ გორხელაშვილირ, დავით დავითაშვილი.
264 ## - წარმოების, გამოცემის, დისტრიბუციის და სხვა ცნობები
გამოცემის, წარმოების, დისტრიბუციის... ადგილი თბილისი :
გამოცემის, წარმოების, დისტრიბუციის... სახელწოდება რელიგიის საკითხთა სახელმწიფო სააგენტო,
გამოცემის, წარმოების, დისტრიბუციის... თარიღი 2015.
300 ## - ფიზიკური აღწერა
Extent 215 გვ. ;
Dimensions 22 სმ.
490 ## - სერიის ცნობა
Series statement რელიგია და სამართალი
653 ## - INDEX TERM--UNCONTROLLED
Uncontrolled term რელიგია
653 ## - INDEX TERM--UNCONTROLLED
Uncontrolled term სამართალი
700 ## - ADDED ENTRY--PERSONAL NAME
Personal name ვაშაყმაძე, ზაზა
Relator term მთავარი რედაქტორი
9 (RLIN) 7752
700 ## - ADDED ENTRY--PERSONAL NAME
Personal name ლომია, მერი
Relator term რედაქტორი
9 (RLIN) 59
700 ## - ADDED ENTRY--PERSONAL NAME
Personal name ვაშაყმაძე, ზაზა
Relator term მთარგმნელი
9 (RLIN) 7752
700 ## - ADDED ENTRY--PERSONAL NAME
Personal name მეტრეველ, არჩილი
Relator term მთარგმნელი
9 (RLIN) 7753
942 ## - ADDED ENTRY ELEMENTS (KOHA)
Koha item type წიგნი
Source of classification or shelving scheme
ეგზემპლარები
ჩამოწერის სტატუსი დაკარგული ეგზემპლარის სტატუსი კლასიფიკაციის წყარო ან თაროზე გაწყობის სქემა დაზიანების სტატუსი არ გაიცემა მუდმივი მდებარეობა (დაცვის ადგილი) ამჟამინდელი ადგილსამყოფელი თაროზე განთავსების ადგილი შეძენის თარიღი სრული შენახვის შიფრი შტრიხკოდი ბოლო ოპერაციის თარიღი ეგზემპლარის მიმდევრობითი ნომერი (კეტერი?) ფასის ძალაში შესვლის თარიღი ეგზემპლარის სახეობა
          ბათუმის შოთა რუსთაველის სახელმწიფო უნივერსიტეტის მთავარი ბიბლიოთეკა ბათუმის შოთა რუსთაველის სახელმწიფო უნივერსიტეტის მთავარი ბიბლიოთეკა წიგნსაცავი 2018-12-17 27+341 რ-90 51812 2018-12-17 51812 2018-12-17 წიგნი